| 000 | 00569nam a2200157 a 4500 | ||
|---|---|---|---|
| 001 | 000039468 | ||
| 005 | 20201002031651.0 | ||
| 008 | 130701s2003 dr 000 0 spa d | ||
| 040 |
_aDO-SdBNP _bspa _cBNPHU |
||
| 110 | 2 |
_aRepública Dominicana _9447 |
|
| 240 | 1 | 0 | _a[Leyes, etc.] |
| 245 | 1 | 0 |
_aLey No. 78-03 : _bsobre el estatuto del Ministerior Público,promulgada el 21 de abril del 2003. |
| 246 | 1 | 4 |
_asobre el estatuto del Ministerior Público : _bpromulgada el 21 de abril del 2003 |
| 260 |
_aSanto Domingo : _bCongreso Nacional, _c2003. |
||
| 300 |
_a52 p. ; _c22 cm. |
||
| 999 |
_c38958 _d38958 |
||